|
|
|
|
| LEADER |
00000nam0a2200000 4500 |
| 001 |
157208 |
| 005 |
20231101221941.0 |
| 010 |
|
|
|a 5282008483
|
| 035 |
|
|
|a (RuTPU)RU\TPU\book\170505
|
| 090 |
|
|
|a 157208
|
| 100 |
|
|
|a 20090404d1991 km y0rusy50 ca
|
| 101 |
0 |
|
|a rus
|
| 102 |
|
|
|a RU
|
| 105 |
|
|
|a y z 001zy
|
| 200 |
1 |
|
|a Научная организация труда в управлении производственным коллективом
|e общеотраслевые методические рекомендации
|f Научно-исследовательский институт труда
|
| 205 |
|
|
|a 2-е изд., перераб. и доп.
|
| 210 |
|
|
|a Москва
|d 1991
|c Экономика
|
| 215 |
|
|
|a 287 с.
|
| 320 |
|
|
|a Библиогр.: с. 281-283
|
| 606 |
1 |
|
|a НОТ (научная организация труда)
|2 stltpush
|3 (RuTPU)RU\TPU\subj\36531
|9 57875
|
| 606 |
1 |
|
|a Производственный коллектив,социалистический
|x Социологические исследования
|2 stltpush
|3 (RuTPU)RU\TPU\subj\51980
|9 70479
|
| 610 |
1 |
|
|a экономика
|
| 610 |
1 |
|
|a промышленные предприятия
|
| 610 |
1 |
|
|a трудовая деятельность
|
| 610 |
1 |
|
|a управление
|
| 610 |
1 |
|
|a разделение
|
| 610 |
1 |
|
|a рациональное использование
|
| 610 |
1 |
|
|a кадровая политика
|
| 610 |
1 |
|
|a комплектование
|
| 610 |
1 |
|
|a планирование
|
| 610 |
1 |
|
|a профессиональное развитие
|
| 610 |
1 |
|
|a аттестация
|
| 610 |
1 |
|
|a повышение квалификации
|
| 610 |
1 |
|
|a рабочие места
|
| 610 |
1 |
|
|a благоприятные условия
|
| 610 |
1 |
|
|a нормирование
|
| 610 |
1 |
|
|a стимулирование
|
| 610 |
1 |
|
|a оценка
|
| 610 |
1 |
|
|a эффективность
|
| 610 |
1 |
|
|a научно-методические рекомендации
|
| 675 |
|
|
|a 658.310.4
|v 3
|
| 675 |
|
|
|a 658.310.3
|v 3
|
| 712 |
0 |
2 |
|a Научно-исследовательский институт труда
|2 stltpush
|3 (RuTPU)RU\TPU\col\9283
|9 24670
|
| 801 |
|
1 |
|a RU
|b 63413507
|c 20090404
|g PSBO
|
| 801 |
|
2 |
|a RU
|b 63413507
|c 20200923
|g PSBO
|
| 942 |
|
|
|c BK
|